000 00321nam a2200121Ia 4500
008 240731s9999 xx 000 0 und d
022 _a1740-7877
245 4 _aThe New Review of Information Behaviour Research
260 _bRoutledge
856 _uhttps://www.tandfonline.com/loi/ribr20
942 _2ddc
942 _cTFEJ
999 _c80045
_d80045
945 _a1
_bMadushi Gamage
_c1
_dMadushi Gamage